Wszystkie piosenki sanah - Statystyki

Ogólne statystyki
  • Ten quiz został rozwiązany 84 razy
  • Średni wynik to 36 z 86
Statystyki odpowiedzi
wykonawca piosenka % Poprawnych
sanah szampan
85%
sanah, vito bambino ale jazz!
82%
sanah, Daria zawiałow eldorado
74%
sanah eldorado
74%
sanah, Dawid Podsiadło ostatnia nadzieja
74%
sanah, kwiat jabłoni szary świat
74%
sanah melodia
71%
sanah 2/10
68%
sanah królowa dram
68%
sanah, Igor Herbut mamo tyś płakała
68%
sanah etc.
65%
sanah, Kleks jestem twoją bajką
65%
sanah, Artur Rojek tęsknie sobie
63%
sanah, Grzegorz Turnau sen we śnie
62%
sanah ten stan
62%
sanah nic dwa razy
60%
sanah, Miętha audi
58%
sanah cząstka
57%
sanah irenka
57%
sanah 2:00
55%
sanah kolońska i szlugi
55%
sanah warcaby
54%
sanah, Natalia Grosiak czesława
52%
sanah oczy
52%
sanah, Vito Bambino oscar
52%
sanah siebie zapytasz
52%
sanah wars
52%
sanah aniolom szepnij to
49%
sanah bujda
49%
sanah marcepan
49%
sanah to koniec
49%
sanah bajka
48%
sanah, Siostry Grabowskie cała sala śpiewa!
48%
sanah no sory
48%
sanah róże
46%
sanah, Ania Dąbrowska Baczyński
45%
sanah hip hip hura
45%
sanah hymn
45%
sanah najlepszy dzień w moim życiu
45%
sanah solo
43%
sanah co ja robie tutaj
42%
sanah koronki
42%
sanah pocałunki
42%
sanah śrubka
42%
sanah bez słów
40%
sanah prosze
40%
sanah sama
40%
sanah kapela gra
38%
sanah łezki me
38%
sanah skanah
38%
sanah duszki
37%
sanah idz
37%
sanah kamień
37%
sanah oto cała ja
37%
sanah prosze pana
37%
sanah warszawa
37%
sanah invisible dress
35%
sanah pożal się boże
35%
sanah do w * sztambuch
34%
sanah płomień
34%
sanah początek
34%
sanah pora roku zła
34%
sanah projekt nieznajomy nie kłamie
34%
sanah puk puk
34%
sanah, Ten Stan świety grall
34%
sanah koniec
32%
sanah to ja a nie inna
32%
sanah piękno tej niechcianej
29%
sanah interludium
28%
sanah to był dobry dzień
28%
sanah etc.(na disco)
25%
sanah Na grobie rycerz
25%
ayreen Rehab
23%
sanah bujda -większa
20%
sanah rozwijając rilkego
20%
sanah wilcza zamieć
20%
sanah heal me
18%
sanah kolońska i szlugi(do snu)
18%
Matt Dusk, sanah Rich in love
15%
sanah wszystko mi mówi, że mnie ktoś pokochał
12%
sanah no sory- wersja alternatywna
11%
sanah kaziu,zakochaj się
9%
Zuzanna Jurczak poranne łzy
9%
sanah no sory- to dłuższe
8%
sanah (I)Da Bóg kiedyś zasiąść w Polsce wolnej
6%
sanah (II)Da Bóg kiedyś zasiąść w Polsce wolnej
6%
Nie znaleziono quizów pasujących do podanych kryteriów
Rozkład punktacji
Procent ludzi z każdym wynikiem
Percentyl według liczby udzielonych odpowiedzi
Twoja historia wyników
Nie rozwiązałeś tego quizu